| 000 | 01165cam a22003377a 4500 | ||
|---|---|---|---|
| 003 | CHAP | ||
| 005 | 20220329143420.0 | ||
| 008 | 020909d2000 mx r 00010 spa d | ||
| 010 | _a96242 | ||
| 011 | _a97214 | ||
| 020 | _a9706867961 | ||
| 035 | _a107877 | ||
| 040 | _cCHAP | ||
| 082 | 0 | 4 |
_a515.1 _bOn25y 2007 |
| 100 | 1 |
_aO'Neil, Peter V. _982363 |
|
| 245 | 1 | 0 |
_aMatemáticas avanzadas para ingeniería _c/ por Peter V. O'Neil |
| 250 | _a6 ed. | ||
| 260 |
_aMéxico, D.F. : _bCengage Learning, _c2008 |
||
| 500 | _aTrad. de : Advanced engineering mathematics, 6 ed., 2007 | ||
| 590 |
_aBATCH-UPD _b10 _c20130110 _lUCH01 _h0836 |
||
| 590 |
_aBATCH-UPD _b10 _c20130410 _lUCH01 _h0514 |
||
| 590 |
_aBATCH-UPD _b10 _c20130914 _lUCH01 _h1234 |
||
| 590 |
_aCONVERSION _b10 _c20130109 _lUCH01 _h1353 |
||
| 650 | 1 | 4 |
_aÁlgebra lineal. _982392 |
| 650 | 1 | 4 |
_aEcuaciones diferenciales. _935306 |
| 650 | 1 | 4 |
_aMatemáticas. _972901 |
| 901 | _aBK | ||
| 942 | _cLIBRO | ||
| 949 |
_a515.1 On25Yy 2007 _bBC _cLIBRO _d33724002093223 _eLIBRO _fc.2 _gI.c/e _h110520 _i107877 _si _t$260.00 |
||
| 949 |
_a515.1 On25Yy 2007 _bBC _cLIBRO _d33724002093264 _eLIBRO _gI.c/e _h110519 _i107877 _si _t$260.00 |
||
| 999 |
_c96242 _d96242 |
||